00625nam a2200193Ia 4500008004100000020001500041082001700056100001600073245002600089250000800115260002500123300001100148500002400159650001200183942000700195952010600202952010600308999001700414230524s9999 xx 000 0 und d a8120328779 a621.382bKAN aKanaan kano 0aSemiconductor Devices a1ST aNEW DELHIbPHIc2005 aXV;480 aQuantity Number: 2 aPhysics cBK 00104070aTATCLbTATCLcGENd2023-05-24l0o621.382 KANp6293r2023-05-24w2023-05-24yBKzBSCP1207 00104070aTATCLbTATCLcGENd2023-05-24l0o621.382 KANp6294r2023-05-24w2023-05-24yBKzBSCP1207 c23535d23535